Statistics for European Countries with Highest % of Emigrants

Click here to take the quiz!

General Stats

  • This quiz has been taken 129 times
  • The average score is 8 of 10

Answer Stats

%Country% Correct
17.5Romania
89%
38.8Albania
83%
20.4Croatia
83%
43.3Bosnia and Herzegovina
79%
24.8Macedonia
76%
21.8Moldova
75%
22.1Montenegro
74%
18.8Ireland
65%
18.9Lithuania
64%
22.3Portugal
63%

Score Distribution

Percentile by Number Answered

Percent of People with Each Score

Your Score History

You have not taken this quiz